|
|
|
|
| LEADER |
00000nam0a2200000 4500 |
| 001 |
245306 |
| 005 |
20231101232122.0 |
| 035 |
|
|
|a (RuTPU)RU\TPU\book\266712
|
| 090 |
|
|
|a 245306
|
| 100 |
|
|
|a 20131107d1955 m y0rusy50 ca
|
| 101 |
0 |
|
|a rus
|
| 102 |
|
|
|a RU
|
| 105 |
|
|
|a a z 000zy
|
| 200 |
1 |
|
|a Электрооборудование и приборы автомобиля ЗИС-150. Описание конструкций и руководство по уходу
|f сост. Н. Н. Барсков; Н. С. Головцов
|
| 210 |
|
|
|a Москва
|c Машгиз
|d 1955
|
| 215 |
|
|
|a 192 с.
|c ил.
|
| 606 |
1 |
|
|a Автомобиль ЗИС-150
|x Электрооборудование
|2 stltpush
|3 (RuTPU)RU\TPU\subj\1102
|9 29890
|
| 610 |
1 |
|
|a автомобили
|
| 610 |
1 |
|
|a конструкции
|
| 610 |
1 |
|
|a генераторы
|
| 610 |
1 |
|
|a работа
|
| 610 |
1 |
|
|a контроль
|
| 610 |
1 |
|
|a реле-регулятор
|
| 610 |
1 |
|
|a проверка
|
| 610 |
1 |
|
|a неисправности
|
| 610 |
1 |
|
|a аккумуляторная батарея
|
| 610 |
1 |
|
|a система зажигания
|
| 610 |
1 |
|
|a приборы
|
| 610 |
1 |
|
|a уход
|
| 610 |
1 |
|
|a стартер
|
| 610 |
1 |
|
|a система освещения
|
| 610 |
1 |
|
|a контрольно-измерительные приборы
|
| 610 |
1 |
|
|a неисправности
|
| 610 |
1 |
|
|a сигнал
|
| 610 |
1 |
|
|a стеклоочиститель
|
| 675 |
|
|
|a 629.114.4
|v 3
|
| 702 |
|
1 |
|a Барсков
|b Н. Н.
|4 220
|
| 702 |
|
1 |
|a Головцов
|b Н. С.
|4 220
|
| 801 |
|
1 |
|a RU
|b 63413507
|c 20131107
|
| 801 |
|
2 |
|a RU
|b 63413507
|c 20170927
|g RCR
|
| 942 |
|
|
|c BK
|